000
00284nam a22001337a 4500
008
170519b xxu||||| |||| 00| 0 eng d
020
_a
9780898181739
041
_a
eng
080
_a
94
100
_a
16
101
_a
SHH
245
_a
WE THE PEOPLE
_c
CRAVEN, TH.A
942
_2
udc
_c
BK
999
_c
13578
_d
13578